Missing Word: Musical Food Titles Quiz Stats

Quiz Updated Oct 22, 2017

Challenge
Share
Tweet
Embed
Score 0/16 Timer 02:00
0 Plays Today
Hint Missing Word % Correct
American ___Pie
93.2%
____ Suey!Chop
93.2%
_____ Fields ForeverStrawberry
90.7%
_____ Noodle SoupChicken
89.5%
The _____ Boat Song (Day-O) Banana
85%
Laffy _____Taffy
82.8%
Pour Some ______ On MeSugar
81.3%
Apples and _____Oranges
73.5%
Hint Missing Word % Correct
_____ BombCherry
66.6%
I Want _____Candy
64.1%
Rock _____Lobster
55.2%
_____ In ParadiseCheeseburger
53.6%
_____ and BeansPork
51.5%
____ By The OceanCake
43.3%
Sweet _____ PiePotato
41.1%
Banana _____Pancakes
16.9%

Today's Daily Dose

Word Ladder
Summertime

On This Day
June 23rd II

You're not logged in!

Compare scores with friends on all Sporcle quizzes.
Join for Free
OR
Log In

You Might Also Like...

Show Comments

Extras

Top Quizzes Today


Score Distribution

Your Account Isn't Verified!

In order to create a playlist on Sporcle, you need to verify the email address you used during registration. Go to your Sporcle Settings to finish the process.

Report this User

Report this user for behavior that violates our Community Guidelines.

Details: